| 000 | 00515cam a2200205ua 4500 | ||
|---|---|---|---|
| 001 | 9932 | ||
| 008 | 161014n ii |||gr||||Z||||||asm | ||
| 020 | _a108173390091 | ||
| 040 | _cMAIN | ||
| 041 | _aasm | ||
| 082 | _a954.162 | ||
| 100 |
_aHussain, Tasadduque Amanul, _eAuthor. |
||
| 245 |
_aAsom buranji (1826-1947) _cBy Tasadduque Amanul Hussain |
||
| 250 | _a2nd ed. | ||
| 260 |
_aDibrugarh: _bBanalata, _c2012. |
||
| 300 | _a125p. | ||
| 653 | _aSouth Asia India | ||
| 653 | _aHistory of Assam | ||
| 942 | _cBK | ||
| 999 |
_c8939 _d8939 |
||